000 00386nam a2200145Ia 4500
008 100122s9999 xx 000 0 und d
082 _b13819
_a822
100 _aपदकी सरिता
245 _aबाधा
260 _bग.पां.परचुरे प्रकाशन
_c1966
300 _a70
630 _aबाधा
730 _aबाधा
942 _cBOOK
999 _c404532
_d404529